| 000 | 00734nam a22002177a 4500 | ||
|---|---|---|---|
| 999 |
_c145787 _d145787 |
||
| 005 | 20230529153850.0 | ||
| 010 | _a1718EN-30 ENG-121689 B-686410-411 ENG-137070 | ||
| 020 |
_a9789350330920 _c195.00 |
||
| 035 | _aB-686410-411 EN-120602 | ||
| 035 | _aEN-105221 | ||
| 037 |
_bStar Pub. _adpl |
||
| 037 | _bDBAD/PUB | ||
| 082 | _aN | ||
| 100 | _aFlaubert, Gustave | ||
| 245 |
_aMadame Bovary / _cby Gustave Flaubert |
||
| 260 |
_aNoida _bMaple Press _c2017 |
||
| 270 |
_aA-63, Sector-58, _bNoida _e201301 |
||
| 300 |
_a376p. _c21cm(pbk) |
||
| 942 |
_2ddc _cEN _mFLA _hN |
||